000 00813nam a2200181Ia 4500
008 090124s9999 xx 000 0 und d
082 _b6283
_a308
100 _aप्रभु ह.रा.
245 _a आधुनिक भारताचे निर्माते आणि त्यांची पार्श्र्वभूमि
250 _a1
260 _c1942
300 _a145
600 _aप्रभु ह.रा.
630 _a आधुनिक भारताचे निर्माते आणि त्यांची पार्श्र्वभूमि
700 _aप्रभु ह.रा.
730 _a आधुनिक भारताचे निर्माते आणि त्यांची पार्श्र्वभूमि
942 _cBOOK
999 _c120224
_d120224